Through my African eyes / (Record no. 1389)

000 -LEADER
fixed length control field 00461nam a22001697a 4500
003 - CONTROL NUMBER IDENTIFIER
control field OSt
005 - DATE AND TIME OF LATEST TRANSACTION
control field 20140929092714.0
008 - FIXED-LENGTH DATA ELEMENTS--GENERAL INFORMATION
fixed length control field 140928b xxu||||| |||| 00| 0 eng d
020 ## - INTERNATIONAL STANDARD BOOK NUMBER
International Standard Book Number 9789966022103
050 ## - LIBRARY OF CONGRESS CALL NUMBER
Classification number PR9381.K65 2014
100 ## - MAIN ENTRY--PERSONAL NAME
Personal name Koinange, Jeff
245 ## - TITLE STATEMENT
Title Through my African eyes /
Statement of responsibility, etc Jeff Koinange .
260 ## - PUBLICATION, DISTRIBUTION, ETC. (IMPRINT)
Place of publication, distribution, etc Nairobi :
Name of publisher, distributor, etc Footprint Press,
Date of publication, distribution, etc 2014.
300 ## - PHYSICAL DESCRIPTION
Extent 258 p.
Other physical details col. ill.
650 ## - SUBJECT ADDED ENTRY--TOPICAL TERM
Topical term or geographic name as entry element Biographies -- Memoires
942 ## - ADDED ENTRY ELEMENTS (KOHA)
Source of classification or shelving scheme
Koha item type Book
Holdings
Withdrawn status Lost status Source of classification or shelving scheme Damaged status Not for loan Home library Current library Date acquired Total Checkouts Total Renewals Full call number Barcode Checked out Date last seen Date checked out Copy number Price effective from Koha item type Shelving location
          Riara University Library Riara University Library 28/09/2014 18 5 PR9381.K65 2014 4932/14 27/04/2017 11/04/2017 11/04/2017 C.1 28/09/2014 Book  
          Riara University Library Riara University Library 28/09/2014 28 7 PR9381.K65 2014 4933/14   05/11/2021 21/10/2021 C.2 28/09/2014 Book  
          Riara University Library Riara University Library 19/09/2017 19 10 PR9381.K65 2014 9043/17 04/01/2025 10/12/2024 10/12/2024 C.3 19/09/2017 Book General stack

Riara University Library,
P.O. Box 49940-00100,
Nairobi, Kenya.